000 00921nam a2200277Ia 4500
003 OSt
005 20221005065220.0
006 a|||||r|||| 00| 0
007 ta
008 221004b |||||||| |||| 00| 0 eng d
020 _a0262182394
_c2193.5
024 _a81844
037 _b3659, 30/03/2005, Efficient Book Distributors
_cTextual
040 _aCRL
_cCRL
_beng
041 _2eng
_aeng
082 _aS:4:7, P4
100 _aRogers Timothy T.
_9604555
245 0 _aSemantic cognition
_b A parallel distributed processing approach
260 _aMassachusetts
_bMassachusetts Institute of Technology U. S. A.
_c2004
300 _a425p.
_ccm.
650 _a PSYCHOLOGY
650 _aTHEORY OF KNOWLEDGE
700 _a McClelland James L.
_9604556
942 _hS:4:7, P4
_cTEXL
_2cc
999 _c974187
_d974187